Guess the 196 countries backwards - Statistics

General Stats
  • This quiz has been taken 11 times
  • The average score is 60 of 195
Answers on the Map
Answers color-coded by a green-red scale on the quiz's map according to % correct below.
 
Answer Stats
seirtnuoC % Correct
modgniK detinU
100%
ocixeM
100%
setatS detinU
100%
adanaC
88%
aissuR
88%
ecnarF
88%
aibmoloC
75%
anihC
75%
dnalerI
75%
dnalniF
75%
elihC
75%
lizarB
75%
nedewS
75%
niapS
75%
ureP
75%
yawroN
75%
abuC
63%
aidnI
63%
aireglA
63%
aiviloB
63%
anitnegrA
63%
aybiL
63%
kramneD
63%
lagutroP
63%
miugleB
63%
naduS
63%
napaJ
63%
occoroM
63%
rodaucE
63%
soaL
63%
tpygE
63%
yekruT
63%
ylatI
63%
ynamreG
63%
aeniuG
50%
aibimaN
50%
aibmaZ
50%
ailartsuA
50%
airegiN
50%
airyS
50%
aisinuT
50%
aisyalaM
50%
aleuzeneV
50%
anahG
50%
anayuG
50%
ayneK
50%
clibupeR nacinimoD
50%
dnaloP
50%
eceerG
50%
ilaM
50%
lageneS
50%
lapeN
50%
namO
50%
narI
50%
nemeY
50%
nineB
50%
nobaG
50%
ogoT
50%
ohtoseL
50%
qarI
50%
regiN
50%
setarimE barA detinU
50%
yaugaraP
50%
yaugurU
50%
agnoT
38%
aibreS
38%
ailamoS
38%
ailognoM
38%
alognA
38%
amanaP
38%
anawstoB
38%
aomaS
38%
dahC
38%
dnaliahT
38%
ewbabmiZ
38%
itiaH
38%
manteiV
38%
nadroJ
38%
natuhB
38%
nonabeL
38%
rataQ
38%
sdnalrehteN
38%
tiawuK
38%
yragnuH
38%
adnawR
25%
aertirE
25%
aibarA iduaS
25%
aigroeG
25%
ainatiruaM
25%
ainaznaT
25%
ainemrA
25%
ainotsE
25%
airagluB
25%
airtsuA
25%
aitaorC
25%
aivtaL
25%
alametauG
25%
atlaM
25%
emaniruS
25%
idnuruB
25%
learsI
25%
natsikaP
25%
ognoC eht fo clibupeR citarcomeD
25%
ovosoK
25%
racsagadaM
25%
ramnayM
25%
samahaB
25%
sarudnoH
25%
soromoC
25%
suraleB
25%
surpyC
25%
uassiB-aeniuG
25%
ulavuT
25%
uruaN
25%
utaunaV
25%
aciamaJ
13%
acinimoD
13%
acirfA htuoS
13%
adnagU
13%
aeniuG weN aupaP
13%
aibmaG
13%
aidobmaC
13%
aikavolS
13%
ainablA
13%
ainamoR
13%
ainauhtiL
13%
ainevolS
13%
aipoihtE
13%
airebiL
13%
aisenodnI
13%
aknaL irS
13%
augaraciN
13%
avodloM
13%
cilbupeR nacirfA lartneC
13%
dnalaeZ weN
13%
dnalreztiwS
13%
einarkU
13%
ezileB
13%
groubmexuL
13%
ienurB
13%
initawsE
13%
iwalaM
13%
naduS htuoS
13%
natshkazaK
13%
natsikebzU
13%
natsikijaT
13%
Natsinahgfa
13%
natszygryK
13%
nawiaT
13%
niarhaB
13%
nooremaC
13%
ocanoM
13%
senippilihP
13%
ualaP
13%
aciR atsoC
0%
adanerG
0%
adubraB dna augitnA
0%
aeniuG lairotauqE
0%
aeroK htroN
0%
aeroK htuoS
0%
ainodecaM htroN
0%
aisenorciM fo setatS detaredeF
0%
anivogezreH dna ainsoB
0%
arrodnA
0%
cilbupeR hcezC
0%
edreV epaC
0%
enitselaP
0%
enoeL arreiS
0%
epicnírP dna émoT oãS
0%
eropagniS
0%
euqibmazoM
0%
hsedalgnaB
0%
ijiF
0%
itabiriK
0%
ituobijD
0%
najiabrezA
0%
natsinenkruT
0%
nietsnethceiL
0%
ogaboT dna dadinirT
0%
ognoC eht fo clibupeR
0%
oniraM naS
0%
orgenetnoM
0%
osaF anikruB
0%
rodavlaS lE
0%
romiT tsaE
0%
sdnalsI llahsraM
0%
sdnalsI nomoloS
0%
sellehcyeS
0%
senidanerG eht dna tnecniV tniaS
0%
sevidlaM
0%
siveN dna sttiK tniaS
0%
sodabraB
0%
suitiruaM
0%
tsaoC yrovI
0%
ytiC nacitaV
0%
No matching quizzes found
Score Distribution
Percent of People with Each Score
Percentile by Number Answered
Your Score History
You have not taken this quiz